000 00733cab a2200241 4500
001 WB3410-11
008 090401t1998 xxu||||| |||| 00| 0 eng d
035 _a(Sirsi) u84865
041 _aeng
245 2 _aA liquid property market?
260 _c1998
350 _a0
490 _aFinancial Times
_v13 March 1998, 8(1)
520 _aDiscusses whether tax changes will really spur on the creation of a liquid property market. Includes graph.
650 _aPROPERTY-COMMERCIAL PROPERTY
650 _aLIQUIDITY
650 _aPROPERTY INVESTMENT
650 _aREITS
650 _aTAX CONCESSIONS
690 _aPROPERTY-COMMERCIAL PROPERTY-COMMERCIAL PROPERTY FINANCE AND INVESTMENT
942 _n0
948 _c13/03/1998
999 _c53371
_d53371